Billboard #1 Albums of 2001 - Statistics

General Stats
  • This quiz has been taken 356 times
  • The average score is 8 of 23
Answer Stats
Weeks #1 Album Artist % Correct
1 Britney Britney Spears
96%
1 J.Lo Jennifer Lopez
94%
1 Aaliyah Aaliyah
79%
2 Survivor Destiny's Child
68%
3 The Blueprint Jay Z
54%
8 1 The Beatles
48%
1 All For You Janet Jackson
47%
1 Invincible Michael Jackson
47%
3 Songs In A Minor Alicia Keys
44%
1 Celebrity 'N Sync
41%
1 Toxicity System of a Down
36%
1 Take Off Your Pants and Jacket Blink 182
32%
8 Weathered Creed
22%
1 Lateralus Tool
20%
2 Pain Is Love Ja Rule
18%
6 Hotshot Shaggy
17%
3 Break The Cycle Staind
16%
2 Devil's Night D12
14%
1 Until The End of Time 2Pac
12%
1 The Great Depression DMX
11%
2 Everyday Dave Matthews Band
10%
1 Scarecrow Garth Brooks
7%
1 Now Maxwell
4%
No matching quizzes found
Score Distribution
Percent of People with Each Score
Percentile by Number Answered
Your Score History
You have not taken this quiz